Welcome to WEB OPAC of MRSPTU Central Library

Business environment (Record no. 5551)

MARC details
000 -LEADER
fixed length control field 00445nam a2200181Ia 4500
008 - FIXED-LENGTH DATA ELEMENTS--GENERAL INFORMATION
fixed length control field 230711s9999||||xx |||||||||||||| ||und||
020 ## - INTERNATIONAL STANDARD BOOK NUMBER
International Standard Book Number 978-93-272-2267-8
041 ## - LANGUAGE CODE
Language code of text/sound track or separate title ENG
082 ## - DEWEY DECIMAL CLASSIFICATION NUMBER
Classification number 658
Item number JO-B
100 ## - MAIN ENTRY--PERSONAL NAME
Personal name Joshi,Rosy
245 #0 - TITLE STATEMENT
Title Business environment
250 ## - EDITION STATEMENT
Edition statement 4th . Ed.
260 ## - PUBLICATION, DISTRIBUTION, ETC.
Date of publication, distribution, etc. 2012
Place of publication, distribution, etc. New Delhi
Name of publisher, distributor, etc. Kalyani Publishers House
300 ## - PHYSICAL DESCRIPTION
Extent 604
650 ## - SUBJECT ADDED ENTRY--TOPICAL TERM
Topical term or geographic name entry element UNIVESITY BUSNIESS SCHOOL
700 ## - ADDED ENTRY--PERSONAL NAME
Personal name Kapoor,Sangam
942 ## - ADDED ENTRY ELEMENTS (KOHA)
Koha item type Book
Holdings
Withdrawn status Lost status Damaged status Not for loan Collection Home library Current library Date acquired Total checkouts Full call number Barcode Date last seen Price effective from Koha item type Date last checked out
          MRSPTU Central Library MRSPTU Central Library     658 JO-B 24760 08/17/2023 08/17/2023 Book  
          MRSPTU Central Library MRSPTU Central Library     658 JO-B 24761 08/17/2023 08/17/2023 Book  
          MRSPTU Central Library MRSPTU Central Library     658 JO-B 24762 08/17/2023 08/17/2023 Book  
          MRSPTU Central Library MRSPTU Central Library     658 JO-B 24763 08/17/2023 08/17/2023 Book  
          MRSPTU Central Library MRSPTU Central Library     658 JO-B 24764 08/17/2023 08/17/2023 Book  
          MRSPTU Central Library MRSPTU Central Library     658 JO-B 24765 08/17/2023 08/17/2023 Book  
          MRSPTU Central Library MRSPTU Central Library   1 658 JO-B 24766 11/27/2025 08/17/2023 Book 08/11/2025
          MRSPTU Central Library MRSPTU Central Library     658 JO-B 24767 08/17/2023 08/17/2023 Book  
          MRSPTU Central Library MRSPTU Central Library     658 JO-B 24768 08/17/2023 08/17/2023 Book  
          MRSPTU Central Library MRSPTU Central Library     658 JO-B 24769 08/17/2023 08/17/2023 Book  
          MRSPTU Central Library MRSPTU Central Library     658 JO-B 24770 08/17/2023 08/17/2023 Book  
          MRSPTU Central Library MRSPTU Central Library     658 JO-B 24771 08/17/2023 08/17/2023 Book  
          MRSPTU Central Library MRSPTU Central Library     658 JO-B 24772 08/17/2023 08/17/2023 Book  
          MRSPTU Central Library MRSPTU Central Library     658 JO-B 24773 08/17/2023 08/17/2023 Book  
          MRSPTU Central Library MRSPTU Central Library     658 JO-B 24774 08/17/2023 08/17/2023 Book  
          MRSPTU Central Library MRSPTU Central Library     658 JO-B 24775 08/17/2023 08/17/2023 Book  
          MRSPTU Central Library MRSPTU Central Library     658 JO-B 24776 08/17/2023 08/17/2023 Book  
          MRSPTU Central Library MRSPTU Central Library     658 JO-B 24777 08/17/2023 08/17/2023 Book  
          MRSPTU Central Library MRSPTU Central Library   2 658 JO-B 24778 05/21/2025 08/17/2023 Book 04/30/2025
          MRSPTU Central Library MRSPTU Central Library     658 JO-B 24779 08/17/2023 08/17/2023 Book  

Website Designed and Developed by MRSPTU Central Library Team

E-mail Id: librarian@mrsptu.ac.in